14-神奈川県の市町村クイズ(1999年) - Statistics

General Stats
  • This quiz has been taken 179 times
  • The average score is 31 of 37
Answers on the Map
Answers color-coded by a green-red scale on the quiz's map according to % correct below.
 
Answer Stats
Answer % Correct
川崎かわさき
96%
横浜よこはま
95%
鎌倉かまくら
90%
相模原さがみはら
90%
逗子ずし
90%
厚木あつぎ
89%
葉山はやままち
89%
三浦みうら
89%
横須賀よこすか
89%
小田原おだわら
88%
茅ヶ崎ちがさき
88%
箱根はこねまち
88%
平塚ひらつか
88%
藤沢ふじさわ
88%
真鶴まなづるまち
86%
山北やまきたまち
86%
大磯おおいそまち
85%
二宮にのみやまち
85%
湯河原ゆがわらまち
85%
開成かいせいまち
83%
南足柄みなみあしがら
83%
伊勢原いせはら
82%
海老名えびな
82%
大和やまと
82%
秦野はだの
81%
相模湖さがみこまち
80%
寒川さむかわまち
80%
綾瀬あやせ
79%
座間ざま
77%
松田まつだまち
77%
大井おおいまち
76%
清川きよかわむら
75%
中井なかいまち
74%
愛川あいかわまち
73%
津久井つくいまち
68%
藤野ふじのまち
65%
城山しろやままち
63%
No matching quizzes found
Score Distribution
Percent of People with Each Score
Percentile by Number Answered
Your Score History
You have not taken this quiz